000 00580nam a2200145Ia 4500
005 20260209120146.0
008 260209s9999||||xx |||||||||||||| ||und||
100 _aMansi Singh Tomar
245 0 _aNeed for gender neutrality in sexual offences law in India
260 _aBangaloreBangalore
_bNLSIU, Bangalore
_c2022
300 _a54 p. ; 25 cm.
505 _aGender Neutral - India Section 377 Sexual Offences Laws - India Sexual Violence - India
700 _aMr. Kunal Ambasta - SupervisorMr. Kunal Ambasta - Supervisor
856 _uhttps://dans.nls.ac.in/handle/123456789/1151
999 _c217549
_d217549